000 00277cam a22001097a 4500
008 180718b1968 xxu||||| |||| 00| 0 eng d
082 _aP un3re
245 _aReading in the economics of education
_cby UNESCO
260 _aParis
_bUNESCO
_c1968
300 _a945
700 _aUNESCO
999 _c494299
_d494299